000 01071nam a22003012a 4500
001 36400
003 BD-RjUL
005 20211209052500.0
008 140622s1966 enk b 000 0 eng d
035 _aBD-RjUL)36497
040 _aIOH
_cIOH
_dEQO
_dBD-RjUL
_beng
041 _aeng
082 0 4 _bAVA 1966
_a327.054
090 _aJC71.P6
_bA8 1966
100 0 _aAverroës,
_d1126-1198.
_994087
245 1 0 _aAverroes' commentary on Plato's Republic /
_cEdited with an introduction, translation and notes by E. I. J. Rosenthal
260 _aCambridge [Eng.] :
_bb University press,
_c1966
300 _avi, 338 p. ;
_c22 cm
500 _aHebrew texts and translation into English
504 _aBibliography included in "Notes": p. 255-302
600 0 0 _aPlato.
_9110902
650 0 _aHebrew language Texts
_vTexts
_9110761
650 0 _aHebrew literature
_xTranslations into English
_9110762
830 0 _vno. 1.
_9110903
700 1 _aRosenthal, Erwin Isak Jakob,
_d1904-
_999591
830 0 _aUniversity of Cambridge oriental publications ;
_9110904
942 _2ddc
_cBK
999 _c36400
_d36400